000 00470nam a2200169Ia 4500
999 _c10318
_d10318
003 OSt
005 20220314134244.0
008 220308s9999 xx 000 0 und d
020 _a9781138653542
082 _a729
100 _aBaker, Geoffrey H. (Geoffrey Howard)
245 0 _aDesign strategies in architecture : an approach to the analysis of form
260 _b ‎ Routledge; First edition (1 January 2016)
365 _cINR
365 _d2999
942 _2ddc